000 00866nam0a22002531 4500
001 rc\4571324
005 20130416190112.2
021 _aRU
_b[59-24082]
035 _a(NLR Aleph) 008374430
090 _a9078335
_c9078335
100 _a20130416d1959 |||y0rusy50 ca
101 0 _arus
102 _aRU
105 _aa z |||a|
200 1 _aЯ уже не маленький
_eСтихи
_eДля детей [дошкольного возраста
_fИл.: Н.А. Носкович]
210 _aПетрозаводск
_cГосиздат Карел. АССР
_d1959
215 _a22 с.
_cил.
_d22
700 1 _aМарков
_bА. К.
_f1926-
_gАркадий Константинович
702 1 _aНоскович
_bН. А.
_gНина А.
_4440
801 0 _aRU
_bNLR
_gpsbo
801 1 _aRU
_bELAR
_2rusmarc
852 _aNLR
_j59-6/3823
942 _cBOOK
980 _aNB